Toutes les remontées de Châtel - Statistiques

Statistiques générales
  • Ce quiz a été pris 14 fois
  • Le résultat moyen est 11 sur 15
Statistiques - réponses
Type de quiz Nom % Correct
TS Barbossine
86%
TC Linga
86%
TS Petit-Châtel
86%
TC Super Châtel
86%
TSD Chaux des Rosées
71%
TSD Conche
71%
TSD Cornebois
71%
TSD Gabelou
71%
TSD L'Echo Alpin
71%
TSD Les Combes
71%
TSD Morclan
71%
TSD Portes du Soleil
71%
TSD Pré la Joux
71%
TSD Rochassons
71%
TSD Pierre Longue
43%
Aucun quiz correspondant
Distribution des résultats
% des personnes avec chaque résultat
Percentile par nombre de réponses
Votre historique - résultats
Vous n’avez pas pris ce quiz